000 00581nam a2200193Ia 4500
005 20250923150002.0
008 008 250917s9999 xx 000 0 eng d
037 _aTextual
040 _aDSWL
_beng
_cDSWL
041 _aeng
_2eng
084 _qDSWL
245 0 _aNational Policy for Rehabilitation of Persons Displaced as a Consequence of a Quisition of Land
_c by N.C.D.M Indian Ins. Pub. Admin.
260 _aNew Delhi
_bN.C.D.M Indian Ins. Pub. Admin.
_c1995
300 _a344 p.
365 _bGift
925 _gGift
942 _cTEXL
999 _c1458156
_d1458156